| 000 | 00386nam a22001457a 4500 | ||
|---|---|---|---|
| 003 | OSt | ||
| 005 | 20240403155425.0 | ||
| 008 | 240403b |||||||| |||| 00| 0 eng d | ||
| 040 | _cCentral Library MRSPTU | ||
| 100 | _aKenneth Grahame | ||
| 245 |
_aThe Wind in the Willows _bModern Illustrated Classics |
||
| 260 |
_aDelhi _bRohan Book Company _c2003 |
||
| 300 | _a224 | ||
| 942 |
_2ddc _cBK _n0 |
||
| 999 |
_c9975 _d9975 |
||